02323agaaa2200301 45000010005000000030009000050050017000140070009000310080040000400400023000800410013001031000052001161300053001682450265002212500022004862600094005083000033006025080181006355200801008165380016016175460013016336500058016467000050017047000069017547000064018237000064018877000070019514117IT-RoPau20220918181222.0d cvaizq50131s9999||||xx ||| | || ||und|| aIT-RoPAUcIT-RoPAU aITALIANO aDi Diodato RobertogCodice regista SPICS: 55765 aCAMMINO DI DIO CON L'UOMO (IL) - IL TEMPO DEI RE aCAMMINO DI DIO CON L'UOMO (IL) - IL TEMPO DEI REcProdotto da: Telenova-Sat2000-Ita -- Sceneggiatura: Gianantonio Borgonovo, Primo Gironi -- Diretto da: Di Diodato RobertopCAMMINO DI DIO CON L'UOMO (IL) - IL TEMPO DEI RE (Rif. Codice opera principale : H4117) aEdizione Standard aMILANO (ITALIA)bMULTIMEDIA SAN PAOLO / g"2003 (1° ed.: 2003 ; Ed. Lingua Orig.: 2003)" aVHSbsonoro, col.c55 minuti a"Fotografia: Soetje Russo Melis; Montaggio: Maurizio Alba; Musica: AA.VV. ; Sceneggiatura: Gianantonio Borgonovo, Primo Gironi; Soggetto: Borgonovo Gianantonio -- Gironi Primo" a"""IL CAMMINO DI DIO CON L'UOMO"" E' LA PIU' RECENTE E APPROFONDITA INDAGINE SULLE PAGINE PIU' DIFFICILI E MENO CONOSCIUTE DELL'ANTICO TESTAMENTO. UNA SPECIE DI GRANDE QUARK CHE INTENDE AVVICINARE LA GENTE ALLA PAROLA DI DIO PER FARNE SCOPRIRE IL FASCINO ETERNO E MISTERIOSO. LE IMMAGINI SONO STATE GIRATE NEI LUOGHI PIU' IMPORTANTI E NEI SITI ARCHEOLOGICI PIU' ANTICHI E SUGGESTIVI DEL VICINO ANTICO ORIENTE. EPISODI DI QUESTA CASSETTA N.34: 1. LA NASCITA DI SAMUELE; 2. IL TEMPIO DI SILO; 3. SAMUELE, IL ""TRAGHETTATORE""; 4. SAUL, PRIMO RE E PROFETA ESTATICO; 5. LA POTENZA DEI FILISTEI; 6. LA BATTAGLIA SUI MONTI GELBOE; 7. MONARCHIA SI', MONARCHIA NO; 8. LA STORIOGRAFIA DEUTERONOMISTICA; 9. DAVIDE, RE E GUERRIERO; 10. I PECCATI DI DAVIDE; 11. BETSABEA E SALOMONE; 12. IL TEMPIO DI JAHVE'." aPAL, STEREO aITALIANO aDOCUMENTARIOeFILMS [VHS]xCodice MATERIA SPICS: 9960 aAA.VV. e(musica)gCodice Musica SPICS: 12000 aBorgonovo Gianantonio e(soggetto)gCodice Soggetto SPICS: 57465 aDi Diodato Roberto e(regista)gCodice regista SPICS: 55765 aGironi Primo e(soggetto)gCodice Soggetto 2° SPICS: 34827 aGiuliani Stefaniae(regista)gCodice secondo regista SPICS: 57464